00565cam a2200181 i 4500001000700000003000900007005001700016008004100033020001500074040002400089080001300113245014100126250001100267260003200278300002100310650001800331852003400349190961ES-MaACL20230906223905.0220905s1995 sp 001 0 spa d a8489327009 auned. bspa. cuned a615(085)00aVademecum internacional : bV-I : especialidades farmacéuticas : productos y artículos de parafarmacia : métodos de diagnóstico. a36 ed. aMadrid : bMedicom, c1995. a1 v. (pag. var.) 4aMedicamentos. aES-MaACLjVAD 615(085) "1995"